| 000 | 00456nam a2200157 4500 | ||
|---|---|---|---|
| 001 | 138522 | ||
| 003 | ES-MaACL | ||
| 005 | 20230906195600.0 | ||
| 007 | t| | ||
| 008 | 070214s1904 sp r ||||1| spa d | ||
| 100 | 1 |
_aSan Pedro, Diego de. _9102290 |
|
| 245 | 1 | 0 |
_aCárcel de amor _b: (Sevilla 1492) / _cDiego de San Pedro. |
| 260 |
_aBarcelona ; _aMadrid : _b[s. n.], _c1904 ( _fTip. L. Aveuc) |
||
| 300 |
_a86 p. ; _c18 cm. |
||
| 852 |
_aES-MaACL _jF-13559 |
||
| 999 |
_c138522 _d138522 |
||